Complete the Title: 1960s TV Shows Quiz Stats

 Plays Quiz Updated Jul 17, 2018

Support Sporcle.
Go Orange.
Score 0/50 Timer 05:00
2 Plays Today
% Correct
Bear
95.7%
Street
95.7%
Impossible
95.6%
Bunch
95.5%
Dream
95%
Island
94.8%
Beverly
94.8%
Make
94.8%
Space
94.6%
60
94.4%
Where
94.3%
Andy
94%
Family
93.9%
Wild
93.8%
Heroes
93.6%
Get
92.9%
Voyage
92.7%
Haw
92.7%
From
92.6%
Carol
91.7%
Green
91.5%
Takes
91.5%
Favorite
90.6%
Boone
90.3%
Three
90.2%
% Correct
Rogers'
90.1%
Daisies
89.5%
Hollywood
89.5%
Family
89.2%
Junction
88.6%
Pyle
88.5%
Nun
88.4%
Place
87.7%
Welby
86.9%
Giants
86.4%
Mod
86.2%
Brides
86.1%
Martin's
85.9%
Gentle
85.9%
Navy
84.9%
Girl
84.2%
Smothers
83.8%
Ghost
83.6%
American
83.6%
Lucy
82.5%
Ed
81.7%
Courtship
81.3%
Ones
80%
Mother
79.1%
Mothers
65.7%

You're not logged in!

Compare scores with friends on all Sporcle quizzes.
OR
Log In

From the Vault

Josh McCown Teams

by Derek

Looks like someone is trying to give Vinny Testaverde a run for his money.
Remove Ads.
Support Sporcle.
Get the best of Sporcle when you Go Orange. This ad-free experience offers more features, more stats, and more fun while also helping to support Sporcle. Thank you for becoming a member.

Show Comments

Extras

Top Quizzes Today


Score Distribution

Your Account Isn't Verified!

In order to create a playlist on Sporcle, you need to verify the email address you used during registration. Go to your Sporcle Settings to finish the process.

Report this User

Report this user for behavior that violates our Community Guidelines.

Details: